000 00593nam a22001937a 4500
005 20251108170109.0
008 250721s9999 xx 000 0 ara d
082 1 4 _aط/ ق/مزا
100 1 _aالمزاتي، محمد
_eمؤلف
245 1 0 _aمستشفى المجاذيب /
264 1 _a[د.م] :
_bدار الرشاد،
_c[19-].
300 _a16ص.
490 0 _aمقالب 1/2 الدنيا
_v4
650 1 7 _aالقصص العربية
653 _aأطفال مرحلة متوسطة (6-9 سنوات)
700 1 _aأمين، عمرو
_eCart.
942 _2ddc
_cBK
999 _c39664
_d39664